01440nam a22003617a 4500003000400000005001700004008004100021040002200062082001300084100004500097245001300142260001700155300003200172366000800204490001200212505003000224505004100254505005400295505003200349505008600381505003100467505004700498505002800545505010400573650004600677650005200723650004800775650004700823650004600870942002400916999001500940952012300955OSt20230607095142.0221006b |||||||| |||| 00| 0 eng d cBiblioteca Lado V a800bQ7e 9842aQuintanilla Armijo, Raúl eeditor aEstrago/ aMexicoc2007 c21x22cma100p.edos posters espa a4v2007 aBestiariorMartin Aguilar aSandino AgaintAlejandra Urdapilleta aExtraviados en el BurdelrRaul Quintanilla Armijo aAsuntos CaninostDavid Ocon aFenomenología y performances en la antigua arquitectura MayarJennifer Ahlfeldt aTambienrRodrigo Peñalba aV Bienal centroamericana de artes visuales aPoesía Mexicana Joven aLas artastTres dias sin remesas Contigo y con el orbe de luz Las Palomas Los señores de negro 2Tesauro de Arte & ArquitecturaaARTE9703 2Tesauro de Arte & ArquitecturaaLiteratura9702 2Tesauro de Arte & ArquitecturaaPOESIA9702 2Tesauro de Arte & ArquitecturaaNARRACION  2Tesauro de Arte & ArquitecturaaESPAÑOL 2ddcc1h800iQ7en0 c3797d3797 00102ddc3200740708RevistasaLVbLVd2023-06-07h4i003610l0o800 Q7ep003610r2023-06-07 00:00:00w2023-06-07y1